| 000 | 00357nam a2200157Ia 4500 | ||
|---|---|---|---|
| 008 | 210210b1927 xxu||||| |||| 00| 0 eng d | ||
| 041 | _aeng | ||
| 082 | _a230/40 | ||
| 100 | _aDARCY (M C) | ||
| 245 | _aCatholicism | ||
| 260 |
_aLondon _bErnest Benn Limited _c1927 |
||
| 300 | _a79 | ||
| 650 | _aCatholicism | ||
| 690 | _aChristianity | ||
| 906 | _a001276 | ||
| 999 |
_c116174 _d116174 |
||